000 01546nam a22002177a 4500
005 20210325205955.0
008 s2553 th ||||| |||| 00| 0 tha d
090 _aว KD251.323 ร318ป 2553
100 0 _aรังสิมา วิจิตรเศรษฐกุล
245 1 0 _aประสิทธิผลของการควบคุมการบริหารราชการแผ่นดิน โดยการอภิปรายไม่ไว้วางใจตามรัฐธรรมนูญแห่งราชอาณาจักรไทย พุทธศักราช 2550
260 3 _aกรุงเทพฯ :
_bมหาวิทยาลัยรามคำแหง,
_c2553
300 _a78 หน้า :
_b ตาราง ;
_c 29 ซม.
650 0 4 _aสภาผู้แทนราษฎร -- การควบคุมการบริหารราชการแผ่นดิน -- วิจัย
650 0 4 _aสภาผู้แทนราษฎร -- การอภิปรายไม่ไว้วางใจ -- วิจัย
650 0 4 _aมหาวิทยาลัยรามคำแหง. ปริญญาศิลปศาสตรมหาบัณฑิต -- รายงาน
850 _aNALT
942 _cRSH
_02
997 _aบ 24519
_kVC
997 _c000000000064988
998 _aนางสาวเบญจลักษณ์ สุทธิวิไล
999 _c64988
_d64988